Kam kráčate, podnikové predajne ?

Skúmanie opodstatnenia podnikových predajní v ére hypermarketov. Predpoklady úspešnosti podnikovej predajne. Dominantné postavenie a doplnková funkcia podnikových predajní v distribučnej politike výrobcu. Marketingová koncepcia výrobcov. Výhody a prednosti podnikových predajní - kontakt výrobcu so z...

Ausführliche Beschreibung

Gespeichert in:
Bibliographische Detailangaben
1. Verfasser: Sameková, Silvia
Format: Buchkapitel
Sprache:Slowakisch
Schlagworte:
Tags: Tag hinzufügen
Keine Tags, Fügen Sie das erste Tag hinzu!

MARC

LEADER 00000naa a2200000 4500
001 r047596
005 20231003075922.4
041 0 |a slo 
044 |a SK 
245 1 0 |a Kam kráčate, podnikové predajne ?  |c Silvia Sameková 
520 |a Skúmanie opodstatnenia podnikových predajní v ére hypermarketov. Predpoklady úspešnosti podnikovej predajne. Dominantné postavenie a doplnková funkcia podnikových predajní v distribučnej politike výrobcu. Marketingová koncepcia výrobcov. Výhody a prednosti podnikových predajní - kontakt výrobcu so zákazníkov, komplexnosť sortimentu, dobrá cena výrobkov, akcie na podporu predaja, kvalifikovaný a príjemný personál, útulné priestory. Hodnota informácií, ktoré výrobca získava priamo od zákazníka. 
610 2 0 |a predajne podnikové 
610 2 0 |a efektívnosť 
610 2 0 |a výhody konkurenčné 
100 1 |a Sameková, Silvia